000 00537nam a22001697a 4500
005 20251108165446.0
008 250721s1998 xx 000 0 ara d
082 1 4 _aم/956.09/مدن
100 1 _aالمدني، سليمان
_eمؤلف
245 1 0 _aالملف العربي في القرن العشرين /
264 1 _aبيروت :
_bالمنارة للإنتاج الإعلامي و الفني،
_c1998.
300 _a6ج.
650 1 7 _aالتاريخ الحديث
650 1 7 _aالعرب
942 _2ddc
_cREF
999 _c28444
_d28444